Normal view MARC view
  • London Assembly

Entry Corporate Name

Number of records used in: 1

001 - CONTROL NUMBER

  • control field: 5244

003 - CONTROL NUMBER IDENTIFIER

  • control field: SIRSI

005 - DATE AND TIME OF LATEST TRANSACTION

  • control field: 20190806150241.0

008 - FIXED-LENGTH DATA ELEMENTS

  • fixed length control field: 070628n| acannaabn |n ana d

040 ## - CATALOGING SOURCE

  • Original cataloging agency: OSt
  • Transcribing agency: OSt

110 1# - HEADING--CORPORATE NAME

  • Corporate name or jurisdiction name as entry element: London Assembly
  • Subordinate unit: Planning and Spatial Development Committee

670 ## - SOURCE DATA FOUND

  • Source citation: Semi-detached, 2007